=LDR 00000nam 2200000 4500 =001 INLIS000000000034355 =005 20200204085339 =035 ##$$a 0010-061300000034355 =008 200204################g##########0#ind## =041 ##$$a ind =082 ##$$a 005. 368 2 =090 ##$$a 005. 368 2, Sup b =100 ##$$a Supardi, Yuniar =245 1#$$a Borland delphi dalam peraktek /$c Yuniar Supardi =260 ##$$a Jakarta :$b Datakom Lintas Buana,$c 2004 =300 ##$$a xvi, 222 hlm, : $b ilus. ; $c 21 x 14 cm. =650 #4$$a Komputer - Perogram Delphi =850 ##$$a NBPNMAT =020 ##$$a 979-3214-35-x =084 ##$$a 005. 368 2 Sup b =500 ##$$a Bibliografi : hlm. 222 =990 ##$$a 21008042 =990 ##$$a 21008044 =990 ##$$a 21008041